Tình hình sử dụng kháng sinh và sự đề kháng kháng sinh của E.Coli sinh Beta-Lactamase phổ rộng trên gà tại tỉnh Vĩnh Long và Hậu Giang : Luận văn tốt nghiệp Cao học. Chuyên ngành Thú y

Khảo sát tình hình sử dụng kháng sinh trong chăn nuôi gà, sự lưu hành của vi khuẩn E.coli sinh Beta-Lactamase phổ rộng trên gà khỏe và hiệu quả của một số kháng sinh trên E.coli sinh Beta-Lactamase phổ rộng phân lập từ gà....

Descrizione completa

Salvato in:
Dettagli Bibliografici
Autore principale: Lý, Thị Thảo
Natura: Libro
Lingua:Undetermined
Pubblicazione: Cần Thơ Trường Đại học Cần Thơ 2017
Soggetti:
Tags: Aggiungi Tag
Nessun Tag, puoi essere il primo ad aggiungerne! !
Thư viện lưu trữ: Trung tâm Học liệu Trường Đại học Cần Thơ
LEADER 01153nam a2200205Ia 4500
001 CTU_225199
008 210402s9999 xx 000 0 und d
082 |a 636.5089 
082 |b Th108 
100 |a Lý, Thị Thảo 
245 0 |a Tình hình sử dụng kháng sinh và sự đề kháng kháng sinh của E.Coli sinh Beta-Lactamase phổ rộng trên gà tại tỉnh Vĩnh Long và Hậu Giang : 
245 0 |b Luận văn tốt nghiệp Cao học. Chuyên ngành Thú y 
245 0 |c Lý Thị Thảo ; Lưu Hữu Mãnh (Cán bộ hướng dẫn) 
260 |a Cần Thơ 
260 |b Trường Đại học Cần Thơ 
260 |c 2017 
520 |a Khảo sát tình hình sử dụng kháng sinh trong chăn nuôi gà, sự lưu hành của vi khuẩn E.coli sinh Beta-Lactamase phổ rộng trên gà khỏe và hiệu quả của một số kháng sinh trên E.coli sinh Beta-Lactamase phổ rộng phân lập từ gà. 
650 |a Chickens,Gà 
650 |x Diseases,Bệnh 
980 |a Trung tâm Học liệu Trường Đại học Cần Thơ